Tiere fusioniert KI Teil 4 - Statistiken

Allgemein
  • Dieses Quiz wurde 1.282 mal gespielt
  • Das Durchschnittsergebnis liegt bei 13 aus 20
Antwortstatistiken
Bildquiz Antwort % Korrekt
Katze Schmetterling
100%
Hund Kamel
97%
Igel Pinguin
97%
Schildkröte Schwein
93%
Krokodil Zebra
92%
Giraffe Panda
88%
Pfau Reh
85%
Hase Kuh
84%
Elefant Papagei
78%
Eichhörnchen Gepard
77%
Fuchs Nashorn
73%
Maus Wolf
72%
Flamingo Frosch
68%
Affe Chamäleon
66%
Schaf Taube
59%
Hamster Ziege
49%
Tiger Waschbär
29%
Känguru Spinne
14%
Schlange Tausendfüßer
14%
Delfin Frettchen
13%
Keine übereinstimmenden Quizze gefunden
Verteilung der Resultate
Anzahl Personen mit jedem Resultat
Perzentil nach korrekt beantworteten Fragen
Ihre Resultats-Entwicklung
Sie haben dieses Quiz noch nicht gespielt